Click Chain #18 - Statistics

General Stats
  • This quiz has been taken 5,469 times
  • The average score is 21 of 30
Answer Stats
Hint Answer % Correct
Big Bird often hung around on a street called: Sesame
96%
…whose company built aero engines during: World War I
90%
…who built cars with business partner: Royce
87%
…which usually comes in: Rolls
85%
…who officially reunified in: 1990
82%
…who leveraged its 1895 military victories to annex: Taiwan
82%
…whose use skyrocketed after World War I in the country of: Germany
81%
…which is often sprinkled on uramaki-style: Sushi
81%
…which is rich in vitamin: C
79%
…who is thought to have written at least one: Gospel
78%
…when German Micronesia was captured by the Navy of the Greater: Japanese Empire
77%
…whose products are integral to the development of: Artificial Intelligence
76%
…which is the date of death of: John the Apostle
76%
…when discontent in the party forced the resignation of: Margaret Thatcher
76%
…whose lyrics refer to: Angels
71%
…which describes the genre of the tune: Swing Low, Sweet Chariot
71%
…which is the second largest manufacturer of: Semiconductors
69%
…whose nickname implied a constitution of: Iron
68%
…who was an early primary antagonist of: James Bond
67%
…which keeps sending assassins to take out targets via: Time Travel
67%
…which was used in Ancient Rome to denote: 100
65%
…who are often depicted as having wings even larger than that of a: Big Bird
65%
…which can be done with a flux capacitor that’s connected to a: DeLorean
65%
…one of whose noted features are doors that are commonly said to look like a: Gull Wing
62%
…which are used in products made by: Intel
59%
…which led to the nuclear destruction of human society when Cyberdyne created: Skynet
59%
…which is a term that, since 1921, has also applied to: Gliders
56%
…which is a homonym for the German word for: No
52%
…the shortest of which is usually the: 9
45%
…whose early films were produced by: Broccoli
41%
No matching quizzes found
Score Distribution
Percent of People with Each Score
Percentile by Number Answered
Your Score History
You have not taken this quiz